| 000 | 01236 a2200265 4500 | ||
|---|---|---|---|
| 999 |
_c6333 _d6333 |
||
| 020 | _a9781847013002 (pbk. : James Currey) | ||
| 020 | _a9780821418093 (pbk. : Ohio University Press) | ||
| 020 | _a9781868884926 (pbk. : UNISA Press) | ||
| 050 | 0 | 0 | _aHN780 NHE 2008 |
| 245 | 0 | 4 |
_aThe roots of African conflicts : _bthe causes & costs / _cedited by Alfred Nhema & Paul Tiyambe Zeleza. |
| 264 |
_aAddis Ababa: _bJames Currey, _c2008 |
||
| 300 | _a 244 p. ; | ||
| 500 | _a"Published in association with OSSREA Addis Ababa." | ||
| 500 | _a"Zimbabwe - Lesotho - Kenya - Sudan - Uganda - The Horn of Africa"--Cover. | ||
| 504 | _aIncludes bibliographical references (p. 234-238) and index. | ||
| 650 | 0 | _aPolitical violence | |
| 650 | 0 | _aLow-intensity conflicts (Military science) | |
| 651 | 0 | _aAfrica | |
| 700 | 1 | _aNhema, Alfred G. | |
| 700 | 1 |
_aZeleza, Paul Tiyambe, _d1955- |
|
| 856 | 4 | 2 |
_3Contributor biographical information _uhttp://www.loc.gov/catdir/enhancements/fy0829/2008297783-b.html |
| 856 | 4 | 2 |
_3Publisher description _uhttp://www.loc.gov/catdir/enhancements/fy0829/2008297783-d.html |
| 942 |
_2lcc _cBK _h780 _iNHE _kHN |
||